[Event "Junior Online 4NCL Division 4"]
[Site "online"]
[Date "2020.09.03"]
[Round "2.113"]
[White "Pipalia, Ayush"]
[Black "Mohindra, Arun"]
[Result "1/2-1/2"]
[WhiteElo "1127"]
[BlackElo "1300"]
[PlyCount "49"]
[EventDate "2020.09.03"]
[WhiteTeam "JHJ 6"]
[BlackTeam "Forest Hall Chimaeras"]

1. d4 Nf6 2. Bf4 d5 3. Nf3 e6 4. Nc3 Bd6 5. Bxd6 Qxd6 6. e3 O-O 7. Bd3 c5 8. b3
cxd4 9. exd4 Qb4 10. Qd2 Nc6 11. O-O Re8 12. a3 Qb6 13. Qf4 h6 14. Na4 Qd8 15.
Nc5 b6 16. Na4 Bb7 17. h3 Qb8 18. Qxb8 Raxb8 19. Bb5 a6 20. Bd3 b5 21. Nb2 e5
22. c3 a5 23. Bxb5 Ba8 24. Bxc6 Bxc6 25. dxe5 1/2-1/2

[Event "Junior Online 4NCL Division 4"]
[Site "online"]
[Date "2020.09.03"]
[Round "2.114"]
[White "Wu, Jiatong"]
[Black "Wang, Luoke"]
[Result "0-1"]
[WhiteElo "1225"]
[BlackElo "1075"]
[PlyCount "158"]
[EventDate "2020.09.03"]
[WhiteTeam "Forest Hall Chimaeras"]
[BlackTeam "JHJ 6"]

1. d4 Nf6 2. c4 g6 3. Nc3 Bg7 4. Nf3 O-O 5. Bf4 d6 6. e3 Nbd7 7. Bd3 c5 8. O-O
Nh5 9. dxc5 Nxc5 10. Re1 Nxd3 11. Qxd3 Nxf4 12. exf4 Bf5 13. Qd1 Qa5 14. Qd5
Qc7 15. Nb5 Qd7 16. Ne5 dxe5 17. Qxd7 Bxd7 18. Nc7 Rac8 19. Nd5 e6 20. Ne7+ Kh8
21. Nxc8 Rxc8 22. Rab1 Rxc4 23. fxe5 h5 24. h3 Rc5 25. b4 Rb5 26. f4 Rd5 27.
Rbd1 Bc6 28. Rxd5 Bxd5 29. Rc1 Bc6 30. g4 Bf8 31. gxh5 gxh5 32. a3 a5 33. Rb1
axb4 34. axb4 Be4 35. Rb2 b5 36. Kf2 Bf5 37. Kg3 Be7 38. h4 Kg8 39. Rb3 Kf8 40.
Rb2 Ke8 41. Rb3 Kd7 42. Rb2 Kc6 43. Rb3 Kd5 44. Rb2 Kc4 45. Ra2 Bxb4 46. Ra6
Be1+ 47. Kg2 Bxh4 48. Rc6+ Kd5 49. Rd6+ Kc5 50. Rd7 Bg6 51. Kh3 Be1 52. Kg2 b4
53. Rc7+ Kb6 54. Rc1 Bc3 55. Rg1 Kc5 56. Kf2 Kc4 57. Ke2 b3 58. Kd1 b2 59. Ke2
b1=Q 60. Rxb1 Bxb1 61. Kf3 Bg6 62. Ke3 Bd4+ 63. Kf3 Kd3 64. Kg3 Ke3 65. Kh4
Kxf4 66. Kh3 Kg5 67. Kg3 h4+ 68. Kh3 Bf5+ 69. Kh2 Bxe5+ 70. Kg2 h3+ 71. Kh1
Be4+ 72. Kg1 h2+ 73. Kf2 h1=Q 74. Ke3 Qf3+ 75. Kd2 Bf4+ 76. Ke1 Qe3+ 77. Kf1
Bd3+ 78. Kg2 Qg3+ 79. Kh1 Be4# 0-1

[Event "Junior Online 4NCL Division 4"]
[Site "online"]
[Date "2020.09.03"]
[Round "2.115"]
[White "Wu, Feitong"]
[Black "Pipalia, Rishi"]
[Result "1-0"]
[WhiteElo "1495"]
[BlackElo "1202"]
[PlyCount "73"]
[EventDate "2020.09.03"]
[WhiteTeam "Forest Hall Chimaeras"]
[BlackTeam "JHJ 6"]

1. d4 e5 2. dxe5 Nc6 3. Nf3 Qe7 4. e4 Qxe5 5. Nc3 Qe7 6. Bd3 Qd8 7. O-O Bc5 8.
Bf4 Nge7 9. Re1 O-O 10. Qd2 d6 11. h3 f5 12. e5 d5 13. Bg5 Be6 14. Bb5 Qc8 15.
Rad1 a6 16. Bf1 b5 17. a3 Rb8 18. b4 Ba7 19. Ne2 Ng6 20. Ned4 Bxd4 21. Nxd4
Ncxe5 22. Nxe6 Qxe6 23. f4 Qb6+ 24. Kh1 Nc4 25. Qxd5+ Kh8 26. Bxc4 bxc4 27.
Qxc4 Rfe8 28. Rxe8+ Rxe8 29. Qf7 Rf8 30. Qd7 h6 31. Be7 Rf7 32. Qe8+ Rf8 33.
Bxf8 Kh7 34. Rd7 Nxf4 35. Bxg7 Qg6 36. Be5+ Qf7 37. Qxf7# 1-0

[Event "Junior Online 4NCL Division 4"]
[Site "online"]
[Date "2020.09.03"]
[Round "2.116"]
[White "Chen, George"]
[Black "Johnston, Alexander"]
[Result "1-0"]
[WhiteElo "1157"]
[BlackElo "1480"]
[PlyCount "79"]
[EventDate "2020.09.03"]
[WhiteTeam "JHJ 6"]
[BlackTeam "Forest Hall Chimaeras"]

1. e4 e6 2. d4 b6 3. Nc3 Bb7 4. Nf3 Bb4 5. Bd3 Ne7 6. Be3 d5 7. e5 Nd7 8. a3
Bxc3+ 9. bxc3 Qc8 10. O-O Ba6 11. Qe2 Bxd3 12. Qxd3 Nf5 13. Rab1 Nxe3 14. fxe3
Qb7 15. Ng5 f6 16. Nxh7 O-O-O 17. exf6 gxf6 18. Nxf6 Nf8 19. a4 c6 20. e4 Nh7
21. e5 Ng5 22. Qg3 Qg7 23. h4 Nh3+ 24. Qxh3 Kc7 25. Rb2 Qg6 26. Qxe6 Rxh4 27.
Nxd5+ Rxd5 28. Qxg6 Rh8 29. Qg7+ Kb8 30. Qxh8+ Kc7 31. Rf7+ Rd7 32. e6 Rxf7 33.
exf7 Kd6 34. f8=Q+ Kd5 35. Qe5+ Kc4 36. Qf7+ Kxc3 37. d5+ Kd2 38. Qf2+ Kc1 39.
Ra2 cxd5 40. Qee1# 1-0

[Event "Junior Online 4NCL Division 4"]
[Site "online"]
[Date "2020.09.03"]
[Round "2.118"]
[White "Wang, Luoke"]
[Black "Wu, Jiatong"]
[Result "1-0"]
[WhiteElo "1075"]
[BlackElo "1225"]
[PlyCount "73"]
[EventDate "2020.09.03"]
[WhiteTeam "JHJ 6"]
[BlackTeam "Forest Hall Chimaeras"]

1. d4 e6 2. c4 Nf6 3. Nc3 Bb4 4. Qc2 Bxc3+ 5. Qxc3 Nc6 6. Bg5 d5 7. e3 dxc4 8.
Bxc4 a6 9. a4 h6 10. Bh4 Ne4 11. Bxd8 Nxc3 12. bxc3 Nxd8 13. Nf3 O-O 14. Ne5 b5
15. axb5 Bb7 16. bxa6 Bxg2 17. Rg1 Bd5 18. Bxd5 exd5 19. Nd3 Ne6 20. Ke2 f5 21.
Rg6 Rf6 22. Rxf6 gxf6 23. Nb4 c5 24. Nc6 cxd4 25. cxd4 Kf7 26. a7 Kg6 27. Rb1
Nc7 28. Rb8 Kg5 29. Kf3 h5 30. h3 h4 31. Ke2 f4 32. Kf3 Kf5 33. exf4 Ke6 34.
Rb7 Kd6 35. Nb8 f5 36. Ke2 Ne6 37. Rd7# 1-0

[Event "Junior Online 4NCL Division 4"]
[Site "online"]
[Date "2020.09.03"]
[Round "2.121"]
[White "Spitz, Danny"]
[Black "Bradshaw, Cleo"]
[Result "1-0"]
[WhiteElo "900"]
[BlackElo "1000"]
[PlyCount "123"]
[EventDate "2020.09.03"]
[WhiteTeam "Coldfall Bishops"]
[BlackTeam "JHJ 7"]

1. e4 e5 2. Nf3 Nc6 3. Nc3 Nf6 4. Bc4 Nxe4 5. Nxe4 d5 6. Bxd5 Qxd5 7. Nc3 Qc4
8. d3 Qe6 9. O-O Bb4 10. Re1 Bxc3 11. bxc3 Qd7 12. Nxe5 Nxe5 13. Rxe5+ Kd8 14.
c4 Qg4 15. Bg5+ f6 16. Rd5+ Ke8 17. Qxg4 Bxg4 18. Re1+ Kf7 19. Bf4 Rae8 20.
Rxe8 Rxe8 21. f3 Be6 22. Ra5 b6 23. Rxa7 Kg6 24. Rxc7 Kf5 25. g3 Bg8 26. Rxg7
Re1+ 27. Kf2 Re8 28. Rb7 Be6 29. Rxb6 h5 30. Rb5+ Kg6 31. a4 Bh3 32. a5 Ra8 33.
c5 Kf5 34. c6+ Ke6 35. c7 Rc8 36. Rxh5 Bf5 37. g4 Bxg4 38. fxg4 Rxc7 39. a6 Ra7
40. Ra5 Kd7 41. Be3 Ra8 42. h4 Ke7 43. h5 Kf8 44. Bh6+ Kg8 45. g5 fxg5 46. Bxg5
Kh7 47. a7 Kh8 48. c4 Kh7 49. c5 Kh8 50. c6 Kh7 51. c7 Kh8 52. Bf6+ Kh7 53. d4
Kh6 54. d5 Kxh5 55. d6+ Kg6 56. d7 Kxf6 57. c8=Q Rxc8 58. dxc8=Q Ke7 59. a8=Q
Kd6 60. Qcc6+ Ke7 61. Qa7+ Kf8 62. Qc8# 1-0

[Event "Junior Online 4NCL Division 4"]
[Site "online"]
[Date "2020.09.03"]
[Round "2.122"]
[White "Bryant, Amelie"]
[Black "Balint-Kurti, Raphael"]
[Result "1-0"]
[WhiteElo "970"]
[BlackElo "977"]
[PlyCount "89"]
[EventDate "2020.09.03"]
[WhiteTeam "JHJ 7"]
[BlackTeam "Coldfall Bishops"]

1. e4 e5 2. Nf3 Nc6 3. Bc4 Bc5 4. d3 Nf6 5. O-O O-O 6. Nc3 d6 7. h3 Bd7 8. Bg5
h6 9. Bh4 g5 10. Bg3 Qe7 11. Nd5 Nxd5 12. exd5 Nd4 13. Nxd4 Bxd4 14. c3 Bc5 15.
d4 Bb6 16. Re1 c5 17. dxe5 Rfe8 18. exd6 Qd8 19. Qb3 a5 20. Rxe8+ Bxe8 21. Bb5
Bxb5 22. Qxb5 Ra6 23. Re1 Kf8 24. d7 Ra8 25. Re8+ Qxe8 26. dxe8=Q+ Rxe8 27.
Bd6+ Kg8 28. Qxe8+ Kg7 29. Be5+ Kg6 30. Qg8+ Kf5 31. Bg7 Bc7 32. Qxf7+ Ke4 33.
Qxc7 Kxd5 34. Bxh6 Ke6 35. Qxb7 Kf6 36. Qf3+ Kg6 37. Qc6+ Kh5 38. g4+ Kh4 39.
Qxc5 Kxh3 40. Qe3+ Kh4 41. Qxg5+ Kh3 42. Qe3+ Kh4 43. Bg5+ Kxg4 44. Qf4+ Kh3
45. Qg3# 1-0

[Event "Junior Online 4NCL Division 4"]
[Site "online"]
[Date "2020.09.03"]
[Round "2.123"]
[White "Minhas, Salar"]
[Black "Bradshaw, Sam"]
[Result "0-1"]
[WhiteElo "880"]
[BlackElo "805"]
[PlyCount "44"]
[EventDate "2020.09.03"]
[WhiteTeam "Coldfall Bishops"]
[BlackTeam "JHJ 7"]

1. e4 e5 2. Bc4 Bc5 3. Nf3 Nc6 4. Nc3 Nf6 5. a3 d6 6. h3 Na5 7. d3 Nxc4 8. dxc4
Be6 9. Bg5 Bxc4 10. Bxf6 Qxf6 11. Qd2 O-O 12. O-O-O a5 13. b4 axb4 14. axb4
Bxb4 15. Qe3 Ra1+ 16. Kd2 Bxc3+ 17. Qxc3 Rxd1+ 18. Kxd1 b5 19. Qa5 Qf4 20. Re1
c5 21. Qc7 Ra8 22. Qxd6 Ra1# 0-1

[Event "Junior Online 4NCL Division 4"]
[Site "online"]
[Date "2020.09.03"]
[Round "2.124"]
[White "Broachi, Zain"]
[Black "Agasee, Emilio"]
[Result "1-0"]
[WhiteElo "820"]
[BlackElo "900"]
[PlyCount "77"]
[EventDate "2020.09.03"]
[WhiteTeam "JHJ 7"]
[BlackTeam "Coldfall Bishops"]

1. e4 e5 2. Nf3 Nc6 3. Bc4 Bc5 4. d3 Nf6 5. O-O h6 6. Nc3 O-O 7. Nh4 d6 8. Ng6
Re8 9. Nb5 Be6 10. Bxe6 Rxe6 11. Nh4 a6 12. Nc3 Nh7 13. Qg4 Nf6 14. Qg3 Nh5 15.
Qg4 Nf6 16. Qg3 Nh5 17. Qf3 Rf6 18. Qxh5 Rg6 19. Nxg6 fxg6 20. Qxg6 Bb4 21.
Bxh6 Qe7 22. Nd5 Qd7 23. Nf6+ Kf8 24. Nxd7+ Ke7 25. Qxg7+ Ke6 26. Nf8+ Rxf8 27.
Qxf8 Nd4 28. c3 Ne2+ 29. Kh1 Bc5 30. Rfe1 Nf4 31. Qg8+ Ke7 32. Qg7+ Ke6 33. d4
exd4 34. e5 dxc3 35. exd6+ Kxd6 36. bxc3 Bxf2 37. Red1+ Kc6 38. Qf6+ Kc5 39.
Qxf4 1-0

[Event "Junior Online 4NCL Division 4"]
[Site "online"]
[Date "2020.09.03"]
[Round "2.125"]
[White "Bradshaw, Cleo"]
[Black "Spitz, Danny"]
[Result "1-0"]
[WhiteElo "1000"]
[BlackElo "900"]
[PlyCount "67"]
[EventDate "2020.09.03"]
[WhiteTeam "JHJ 7"]
[BlackTeam "Coldfall Bishops"]

1. e4 e5 2. Nf3 Nf6 3. Nxe5 Nxe4 4. Bc4 Qe7 5. f3 Qh4+ 6. g3 Nxg3 7. hxg3 Qxh1+
8. Ke2 Qxd1+ 9. Kxd1 d6 10. Nd3 Nc6 11. Nc3 Be7 12. Nd5 Bd8 13. N3f4 Be6 14.
Nxe6 fxe6 15. Ne3 O-O 16. Bxe6+ Kh8 17. d4 Rxf3 18. Ng4 Nxd4 19. Be3 Nxe6 20.
Ke2 Rxg3 21. Nf2 h6 22. Ne4 Rg2+ 23. Kf3 Rxc2 24. Rg1 Bf6 25. Nxf6 gxf6 26.
Bxh6 Nd4+ 27. Ke4 c5 28. Kd5 Rxb2 29. Kxd6 Rxa2 30. Ke7 Re2+ 31. Kf7 Kh7 32.
Be3 Nf5 33. Rh1+ Nh6+ 34. Rxh6# 1-0

[Event "Junior Online 4NCL Division 4"]
[Site "online"]
[Date "2020.09.03"]
[Round "2.126"]
[White "Balint-Kurti, Raphael"]
[Black "Bryant, Amelie"]
[Result "0-1"]
[WhiteElo "977"]
[BlackElo "970"]
[PlyCount "64"]
[EventDate "2020.09.03"]
[WhiteTeam "Coldfall Bishops"]
[BlackTeam "JHJ 7"]

1. e4 e5 2. Bc4 Bc5 3. Qh5 Qf6 4. Nf3 Nc6 5. d4 Bxd4 6. Bg5 Qg6 7. Qxg6 hxg6 8.
Nxd4 Nxd4 9. Bd3 Rh5 10. Be3 Nf6 11. c3 Nc6 12. c4 Nb4 13. Nc3 Nxd3+ 14. Kd2
Nxb2 15. Kc2 Nxc4 16. Bd2 Rh4 17. g3 Rh5 18. Nb5 Kd8 19. Rhc1 Nxe4 20. Kd3
Ncxd2 21. Nxc7 Rb8 22. f3 Nf2+ 23. Ke2 Rxh2 24. Kxd2 e4 25. fxe4 Nxe4+ 26. Kd3
Nxg3 27. Rab1 d6 28. Na6 Bf5+ 29. Kd4 Ne2+ 30. Ke3 Nxc1 31. Rxc1 bxa6 32. Kf4
Rbb2 0-1

[Event "Junior Online 4NCL Division 4"]
[Site "online"]
[Date "2020.09.03"]
[Round "2.127"]
[White "Bradshaw, Sam"]
[Black "Minhas, Salar"]
[Result "1-0"]
[WhiteElo "805"]
[BlackElo "880"]
[PlyCount "75"]
[EventDate "2020.09.03"]
[WhiteTeam "JHJ 7"]
[BlackTeam "Coldfall Bishops"]

1. e4 e5 2. Bc4 Nf6 3. Nc3 Bb4 4. Nf3 Bxc3 5. dxc3 Nc6 6. Qe2 h6 7. Be3 b6 8.
O-O O-O 9. b4 a5 10. bxa5 bxa5 11. Rab1 Rb8 12. Rxb8 Nxb8 13. Bd5 Nxd5 14. exd5
c6 15. dxc6 Nxc6 16. Nd2 d5 17. Qf3 Qd6 18. Qg3 g5 19. Nf3 f6 20. Nd2 Bf5 21.
Rc1 d4 22. cxd4 exd4 23. Qxd6 dxe3 24. Qxc6 exd2 25. Rd1 Rd8 26. Qc7 Rd5 27. f3
Bxc2 28. Qxc2 f5 29. Rxd2 Rxd2 30. Qxd2 h5 31. Qxa5 Kg7 32. Qxf5 Kh6 33. Qf6+
Kh7 34. Qxg5 h4 35. f4 Kh8 36. f5 Kh7 37. f6 Kh8 38. Qg7# 1-0

[Event "Junior Online 4NCL Division 4"]
[Site "online"]
[Date "2020.09.03"]
[Round "2.128"]
[White "Agasee, Emilio"]
[Black "Broachi, Zain"]
[Result "1-0"]
[WhiteElo "900"]
[BlackElo "820"]
[PlyCount "85"]
[EventDate "2020.09.03"]
[WhiteTeam "Coldfall Bishops"]
[BlackTeam "JHJ 7"]

1. e4 e5 2. Nf3 Nc6 3. Bc4 Bc5 4. d3 d6 5. h3 Nf6 6. Bg5 Nd4 7. Nxd4 Bxd4 8. c3
Qd7 9. cxd4 exd4 10. Bxf6 gxf6 11. Qf3 Qc6 12. Qxf6 Rg8 13. Qxf7+ Kd8 14. Qxg8+
Qe8 15. Qxe8+ Kxe8 16. O-O Rb8 17. Re1 b5 18. Bd5 Ba6 19. e5 dxe5 20. Rxe5+ Kd8
21. Nd2 c6 22. Bxc6 Kc7 23. Bxb5 Bxb5 24. Rae1 Re8 25. Rxe8 Bxe8 26. Rxe8 Kd7
27. Ra8 Kc7 28. Rxa7+ Kb6 29. Rxh7 Kc5 30. Rh5+ Kb4 31. a3+ Ka4 32. b3+ Kxa3
33. Rd5 Kb2 34. b4 Kc2 35. b5 Kxd2 36. b6 Ke2 37. b7 Ke1 38. b8=Q Ke2 39. Qb2+
Kxd3 40. Qxd4+ Kc2 41. Rc5+ Kb1 42. Qb4+ Ka2 43. Ra5# 1-0

[Event "Junior Online 4NCL Division 4"]
[Site "online"]
[Date "2020.09.03"]
[Round "2.132"]
[White "Bracken, Layla"]
[Black "Bommi, Praneeth"]
[Result "0-1"]
[WhiteElo "1405"]
[BlackElo "887"]
[PlyCount "84"]
[EventDate "2020.09.03"]
[WhiteTeam "Barnet Knights B"]
[BlackTeam "Uxbridge Juniors C"]

1. e4 e6 2. d4 b6 3. Nc3 Bb7 4. Nf3 Nf6 5. Bg5 Be7 6. Bb5 Nxe4 7. Nxe4 Bxe4 8.
Qe2 Bxf3 9. Qxf3 Bxg5 10. Qxa8 c6 11. Bd3 g6 12. Qxa7 b5 13. Qa3 Be7 14. Qc3
O-O 15. O-O b4 16. Qd2 Bg5 17. Qe2 Qc7 18. Rab1 Qd6 19. c3 Bf4 20. g3 Bh6 21.
c4 Qxd4 22. a3 bxa3 23. bxa3 Na6 24. Rb7 Nc5 25. Bc2 Nxb7 26. Rd1 Qb2 27. Rxd7
Nc5 28. Rc7 Qc1+ 29. Bd1 Rd8 30. Rxc6 Rxd1+ 31. Kg2 Rg1+ 32. Kh3 Qxa3 33. Rc8+
Bf8 34. Qe5 Nd3 35. Qe4 Nxf2+ 36. Kh4 Nxe4 37. Rb8 Qd6 38. Rb2 Qd4 39. Rc2 Qf6+
40. Kh3 Nd6 41. c5 Qf5+ 42. Kh4 Be7# 0-1

[Event "Junior Online 4NCL Division 4"]
[Site "online"]
[Date "2020.09.03"]
[Round "2.133"]
[White "Bhargava, Aarav"]
[Black "Rupf, Oscar"]
[Result "0-1"]
[WhiteElo "857"]
[BlackElo "1405"]
[PlyCount "66"]
[EventDate "2020.09.03"]
[WhiteTeam "Uxbridge Juniors C"]
[BlackTeam "Barnet Knights B"]

1. e4 e6 2. Nf3 d5 3. d3 Nc6 4. Nc3 Bb4 5. Bg5 Be7 6. Be2 Bxg5 7. Nxg5 Qxg5 8.
Qd2 Qxd2+ 9. Kxd2 Nf6 10. Nb5 O-O 11. Nxc7 Rb8 12. Nb5 dxe4 13. dxe4 Nxe4+ 14.
Ke3 Nf6 15. Nxa7 Nxa7 16. Rad1 b5 17. Rhe1 h6 18. g3 Nd5+ 19. Kd4 Bb7 20. Bf3
Rbd8 21. Re5 Nb4+ 22. Ke3 Bxf3 23. Rxd8 Rxd8 24. Kxf3 Nxc2 25. a3 Nd4+ 26. Ke4
Ndc6 27. Rh5 Rd2 28. f4 Rxb2 29. a4 bxa4 30. h3 a3 31. g4 a2 32. f5 exf5+ 33.
gxf5 a1=Q 0-1

[Event "Junior Online 4NCL Division 4"]
[Site "online"]
[Date "2020.09.03"]
[Round "2.134"]
[White "Bruhn, Johann"]
[Black "Chopra, Nipun"]
[Result "1-0"]
[WhiteElo "1367"]
[BlackElo "850"]
[PlyCount "71"]
[EventDate "2020.09.03"]
[WhiteTeam "Barnet Knights B"]
[BlackTeam "Uxbridge Juniors C"]

1. d4 e6 2. Nf3 Nc6 3. Bf4 e5 4. Nxe5 Nxe5 5. Bxe5 c5 6. e3 d6 7. Bf4 Nf6 8.
Bg5 Nd7 9. Bxd8 Kxd8 10. Bb5 a6 11. Bxd7 Kxd7 12. h3 cxd4 13. Qxd4 Kd8 14. c4
d5 15. Qxd5+ Bd7 16. Qxb7 Rc8 17. Qxa6 Bb4+ 18. Nc3 Be6 19. Qa4 Rxc4 20. O-O
Bxc3 21. Qa8+ Rc8 22. Qa3 Bf6 23. Rac1 Rb8 24. Qd6+ Bd7 25. Qxb8+ Bc8 26. Qxc8+
Ke7 27. Qxh8 Bxb2 28. Rc7+ Kd6 29. Qd8+ Ke6 30. Re7+ Kf5 31. Rxf7+ Kg6 32. Rb7
h6 33. Rxb2 Kh7 34. Qd3+ g6 35. Rb7+ Kh8 36. Qd8# 1-0

[Event "Junior Online 4NCL Division 4"]
[Site "online"]
[Date "2020.09.03"]
[Round "2.136"]
[White "Bommi, Praneeth"]
[Black "Bracken, Layla"]
[Result "0-1"]
[WhiteElo "887"]
[BlackElo "1405"]
[PlyCount "140"]
[EventDate "2020.09.03"]
[WhiteTeam "Uxbridge Juniors C"]
[BlackTeam "Barnet Knights B"]

1. e3 e5 2. b3 d5 3. Bb2 c5 4. Bxe5 Qe7 5. Nf3 Bg4 6. Bb2 Nc6 7. h3 Bh5 8. Nc3
O-O-O 9. Nb5 Kb8 10. g4 Bg6 11. Ne5 Nxe5 12. Bxe5+ Qxe5 13. d4 cxd4 14. Nxd4
Qe4 15. Rg1 Nf6 16. Bg2 Qe7 17. Nb5 a6 18. Nd4 h5 19. g5 Ne4 20. h4 Qb4+ 21.
Kf1 Ka8 22. Nf3 Qb5+ 23. Qe2 Qxe2+ 24. Kxe2 Nc3+ 25. Kd2 Ne4+ 26. Kd3 Nxf2+ 27.
Ke2 Ne4 28. Ne5 Rc8 29. Nd7 Rxc2+ 30. Kd1 Rc7 31. Nb6+ Ka7 32. Na4 Nf2+ 33. Ke2
Ne4 34. Rgc1 Bd6 35. Rxc7 Bxc7 36. Rc1 Rc8 37. a3 Nd6 38. Bxd5 b5 39. Nc5 Bb6
40. b4 a5 41. Bb7 Nxb7 42. Rd1 axb4 43. axb4 Bxc5 44. bxc5 Rxc5 45. Rd7 Rc4 46.
Rd1 Rxh4 47. Ra1+ Kb6 48. Rg1 Kc5 49. Rg3 Kc4 50. Kd2 Rh2+ 51. Ke1 Nd6 52. Kf1
b4 53. Kg1 Be4 54. Kxh2 b3 55. Rg1 b2 56. Kg3 b1=Q 57. Rxb1 Bxb1 58. Kf4 Kd5
59. Kg3 Ke4 60. Kh4 g6 61. Kg3 Kxe3 62. Kh4 Nf5+ 63. Kh3 Kf4 64. Kg2 Kxg5 65.
Kh3 h4 66. Kg2 Kg4 67. Kh2 h3 68. Kh1 Kg3 69. Kg1 h2+ 70. Kh1 Be4# 0-1

[Event "Junior Online 4NCL Division 4"]
[Site "online"]
[Date "2020.09.03"]
[Round "2.137"]
[White "Rupf, Oscar"]
[Black "Bhargava, Aarav"]
[Result "1-0"]
[WhiteElo "1405"]
[BlackElo "857"]
[PlyCount "63"]
[EventDate "2020.09.03"]
[WhiteTeam "Barnet Knights B"]
[BlackTeam "Uxbridge Juniors C"]

1. e4 e5 2. Nf3 Nc6 3. d4 f6 4. dxe5 fxe5 5. h3 Nf6 6. Bg5 Bb4+ 7. c3 Nxe4 8.
Bxd8 Bc5 9. Qe2 Kxd8 10. Qxe4 Bd6 11. Nbd2 Ne7 12. O-O-O Ng6 13. Nc4 Nh4 14.
Qxh4+ Be7 15. Qh5 g6 16. Qxe5 Re8 17. Nd4 d6 18. Ne6+ Bxe6 19. Qxe6 Rf8 20. Kb1
Ke8 21. Na5 Rf6 22. Qg8+ Rf8 23. Qxh7 Kd7 24. Qxg6 Rf6 25. Qg4+ Ke8 26. Qh5+
Kd8 27. Nxb7+ Kc8 28. Ba6 Kd7 29. Rhe1 Bd8 30. Qg4+ Kc6 31. Qc4+ Kb6 32. Qb5#
1-0

[Event "Junior Online 4NCL Division 4"]
[Site "online"]
[Date "2020.09.03"]
[Round "2.138"]
[White "Chopra, Nipun"]
[Black "Bruhn, Johann"]
[Result "1-0"]
[WhiteElo "850"]
[BlackElo "1367"]
[PlyCount "21"]
[EventDate "2020.09.03"]
[WhiteTeam "Uxbridge Juniors C"]
[BlackTeam "Barnet Knights B"]

1. e4 d5 2. g3 dxe4 3. c3 Bf5 4. Bc4 e6 5. a4 Nf6 6. Ba2 c6 7. Qb3 Nbd7 8. g4
Bxg4 9. d3 exd3 10. Bf4 e5 11. Qxf7# 1-0

[Event "Junior Online 4NCL Division 4"]
[Site "online"]
[Date "2020.09.03"]
[Round "2.141"]
[White "Rosenthal, George"]
[Black "Bass, Finn"]
[Result "0-1"]
[WhiteElo "1075"]
[BlackElo "812"]
[PlyCount "72"]
[EventDate "2020.09.03"]
[WhiteTeam "Surbiton Juniors D"]
[BlackTeam "Rhodes Avenue Rooks"]

1. e4 c5 2. Nf3 d6 3. d4 cxd4 4. c3 dxc3 5. Nxc3 Nc6 6. Bb5 Bd7 7. Nd4 a6 8.
Nxc6 Bxc6 9. Bxc6+ bxc6 10. Bf4 Nf6 11. e5 dxe5 12. Qxd8+ Rxd8 13. Bxe5 e6 14.
Bxf6 gxf6 15. O-O Bb4 16. Rad1 Rxd1 17. Rxd1 Bxc3 18. bxc3 O-O 19. Rb1 Rd8 20.
h3 Rd2 21. Rb8+ Kg7 22. Rb6 Rxa2 23. Rxc6 Ra1+ 24. Kh2 Ra2 25. Kg3 Ra3 26. f4
e5 27. fxe5 fxe5 28. Kf3 f6 29. Ke4 a5 30. Kd5 Kg6 31. Ke4 Kg5 32. Ra6 Rxc3 33.
Rxa5 Rc4+ 34. Kd5 Rd4+ 35. Kc5 Kf4 36. Kb5 Rd5+ 0-1

[Event "Junior Online 4NCL Division 4"]
[Site "online"]
[Date "2020.09.03"]
[Round "2.142"]
[White "O'Connor, Ethan"]
[Black "Rabie, Jamie"]
[Result "1-0"]
[WhiteElo "875"]
[BlackElo "1112"]
[PlyCount "69"]
[EventDate "2020.09.03"]
[WhiteTeam "Rhodes Avenue Rooks"]
[BlackTeam "Surbiton Juniors D"]

1. e4 e5 2. Nf3 Nc6 3. d4 d6 4. c3 exd4 5. Nxd4 Nxd4 6. Qxd4 Be7 7. Qxg7 h5 8.
Qxh8 Kd7 9. e5 b6 10. Qxh5 f6 11. Qg4+ Ke8 12. Qg6+ Kf8 13. Bh6+ Nxh6 14. Qxh6+
Ke8 15. exf6 Bxf6 16. Qg6+ Ke7 17. Qe4+ Kf7 18. Qxa8 Bf5 19. Qxa7 Qd7 20. Qa8
Qe6+ 21. Be2 Bg4 22. Qa6 Bxe2 23. Qxe2 Qxe2+ 24. Kxe2 c5 25. Na3 Ke6 26. Rhe1
Be5 27. Nb5 Bxh2 28. Kd1+ Kd5 29. Nc7+ Kc6 30. Na6 Kb5 31. Nc7+ Kc6 32. Ne8 Kd7
33. g3 Kc6 34. Rh1 Bxg3 35. fxg3 1-0

[Event "Junior Online 4NCL Division 4"]
[Site "online"]
[Date "2020.09.03"]
[Round "2.144"]
[White "Wilson, Donnie"]
[Black "New, Felix"]
[Result "0-1"]
[WhiteElo "875"]
[BlackElo "962"]
[PlyCount "74"]
[EventDate "2020.09.03"]
[WhiteTeam "Rhodes Avenue Rooks"]
[BlackTeam "Surbiton Juniors D"]

1. e4 e5 2. Qh5 Nc6 3. Bc4 g6 4. Qf3 Nf6 5. Qb3 Nd4 6. Qd3 Bg7 7. Nf3 Nxf3+ 8.
Qxf3 O-O 9. Nc3 d6 10. Nd5 Nxd5 11. Bxd5 Be6 12. Bxb7 Rb8 13. Bd5 Bxd5 14. exd5
Re8 15. h4 Re7 16. h5 Qe8 17. hxg6 fxg6 18. Qh3 Kf8 19. Qxh7 Rb5 20. d3 Rxd5
21. Bh6 Bxh6 22. Qxh6+ Kf7 23. Qh7+ Ke6 24. Qh3+ Kf7 25. Qf3+ Kg8 26. Qxd5+ Kg7
27. Qf3 Rf7 28. Qg3 Qb8 29. Rb1 Qb4+ 30. c3 Qc5 31. Rd1 Rf5 32. d4 exd4 33.
cxd4 Qb4+ 34. Rd2 c5 35. a3 Qc4 36. dxc5 Re5+ 37. Re2 Qxe2# 0-1

[Event "Junior Online 4NCL Division 4"]
[Site "online"]
[Date "2020.09.03"]
[Round "2.145"]
[White "Bass, Finn"]
[Black "Rosenthal, George"]
[Result "1-0"]
[WhiteElo "812"]
[BlackElo "1075"]
[PlyCount "25"]
[EventDate "2020.09.03"]
[WhiteTeam "Rhodes Avenue Rooks"]
[BlackTeam "Surbiton Juniors D"]

1. d4 d5 2. c4 c5 3. Nc3 cxd4 4. Qxd4 e6 5. cxd5 exd5 6. Qxd5 Qxd5 7. Nxd5 Na6
8. e3 Bd6 9. Bxa6 bxa6 10. Nf3 Rb8 11. h3 Be6 12. Nf4 Be5 13. Nxe5 1-0

[Event "Junior Online 4NCL Division 4"]
[Site "online"]
[Date "2020.09.03"]
[Round "2.146"]
[White "Rabie, Jamie"]
[Black "O'Connor, Ethan"]
[Result "1-0"]
[WhiteElo "1112"]
[BlackElo "875"]
[PlyCount "47"]
[EventDate "2020.09.03"]
[WhiteTeam "Surbiton Juniors D"]
[BlackTeam "Rhodes Avenue Rooks"]

1. e4 e5 2. Nf3 Nc6 3. Bb5 Nf6 4. Nc3 Bc5 5. O-O Nd4 6. Nxe5 Nxb5 7. Nxb5 Qe7
8. Nc4 Bd6 9. Ncxd6+ cxd6 10. Nc7+ Kd8 11. Nxa8 Qxe4 12. d3 Qe5 13. Qe1 Qd5 14.
Qc3 b5 15. Qc7+ Ke8 16. Qxc8+ Ke7 17. Qxh8 Qe5 18. Nc7 Ng8 19. Qxg8 Kf6 20.
Ne8+ Kf5 21. Nxg7+ Kg4 22. h3+ Kh4 23. Qxh7+ Qh5 24. Qxh5# 1-0

[Event "Junior Online 4NCL Division 4"]
[Site "online"]
[Date "2020.09.03"]
[Round "2.147"]
[White "Balsys, Leo"]
[Black "de Villiers, Emily"]
[Result "1-0"]
[WhiteElo "875"]
[BlackElo "1037"]
[PlyCount "73"]
[EventDate "2020.09.03"]
[WhiteTeam "Rhodes Avenue Rooks"]
[BlackTeam "Surbiton Juniors D"]

1. e4 e5 2. d3 Bc5 3. Nc3 Qf6 4. Nf3 d6 5. Bg5 Qe6 6. d4 exd4 7. Nd5 Na6 8.
Nxd4 Bxd4 9. Qxd4 Qg6 10. f4 c6 11. Bxa6 bxa6 12. Nc7+ Kd7 13. Nxa8 Nh6 14.
O-O-O c5 15. Qd2 f6 16. f5 Qh5 17. Qxd6+ Ke8 18. Qd8+ Kf7 19. Qxh8 Qxg5+ 20.
Kb1 Qxg2 21. Rhg1 Qxe4 22. Qxg7+ Ke8 23. Qxh6 Bxf5 24. Rg8+ Ke7 25. Qg7+ Ke6
26. Qd7+ Ke5 27. Re8+ Kf4 28. Rxe4+ Kxe4 29. Re1+ Kf3 30. Qxf5+ Kg2 31. Re4 Kh1
32. h4 Kh2 33. h5 Kg3 34. Qf4+ Kg2 35. Re2+ Kg1 36. Qf2+ Kh1 37. Qh2# 1-0

[Event "Junior Online 4NCL Division 4"]
[Site "online"]
[Date "2020.09.03"]
[Round "2.148"]
[White "New, Felix"]
[Black "Wilson, Donnie"]
[Result "0-1"]
[WhiteElo "962"]
[BlackElo "875"]
[PlyCount "96"]
[EventDate "2020.09.03"]
[WhiteTeam "Surbiton Juniors D"]
[BlackTeam "Rhodes Avenue Rooks"]

1. e4 e5 2. Nf3 Qf6 3. Nc3 Bb4 4. Nd5 Qd6 5. Nxb4 Qxb4 6. Nxe5 Qxe4+ 7. Qe2 Nf6
8. Qxe4 Nxe4 9. d3 d6 10. dxe4 dxe5 11. Be2 Nc6 12. O-O Nd4 13. Re1 Nxc2 14.
Rd1 Nxa1 15. Bg5 f6 16. Bxf6 gxf6 17. Rxa1 Rg8 18. g3 Bg4 19. Bxg4 Rxg4 20. h3
Rxe4 21. f3 Rd4 22. f4 exf4 23. gxf4 Rxf4 24. Re1+ Kf7 25. Kg2 Re8 26. Rc1 Rfe4
27. Rxc7+ R8e7 28. Kg3 Rxc7 29. Kf3 Rcc4 30. h4 Rxh4 31. Kg3 Rhg4+ 32. Kf3
Rcf4+ 33. Ke3 Ra4 34. Kd3 Rg3+ 35. Kc2 Rxa2 36. Kb1 Ra4 37. Kc2 h5 38. b3 Ra2+
39. Kb1 Rxb3+ 40. Kxa2 Rg3 41. Kb2 h4 42. Kc2 h3 43. Kd2 h2 44. Ke2 h1=Q 45.
Kf2 Qg2+ 46. Ke1 Re3+ 47. Kd1 Rh3 48. Ke1 Rh1# 0-1